[Event "Championnat de Belgique \"Experts\" 2018"]
[Site "Roux, Belgium"]
[Date "2018.07.30"]
[Round "4.5"]
[White "Dgebuadze, Alexandre"]
[Black "Ringoir, Tanguy"]
[Result "1/2-1/2"]
[WhiteTitle "GM"]
[BlackTitle "GM"]
[WhiteElo "2519"]
[BlackElo "2530"]

1. e4 {[%clk 01:30:38]} {[%emt 00:00:20]} e5 {[%clk 01:30:54]} {[%emt
00:00:07]} 2. Nf3 {[%clk 01:31:00]} {[%emt 00:00:08]} Nc6 {[%clk 01:31:18]}
{[%emt 00:00:06]} 3. Nc3 {[%clk 01:31:14]} {[%emt 00:00:16]} Nf6 {[%clk
01:31:41]} {[%emt 00:00:07]} 4. Bb5 {[%clk 01:31:29]} {[%emt 00:00:15]} Nd4
{[%clk 01:32:05]} {[%emt 00:00:06]} 5. Nxd4 {[%clk 01:31:11]} {[%emt 00:00:48]}
exd4 {[%clk 01:32:29]} {[%emt 00:00:06]} 6. e5 {[%clk 01:31:29]} {[%emt
00:00:12]} dxc3 {[%clk 01:32:52]} {[%emt 00:00:07]} 7. exf6 {[%clk 01:31:52]}
{[%emt 00:00:07]} Qxf6 {[%clk 01:33:16]} {[%emt 00:00:06]} 8. dxc3 {[%clk
01:32:14]} {[%emt 00:00:08]} Bc5 {[%clk 01:33:04]} {[%emt 00:00:43]} 9. Qe2+
{[%clk 01:31:17]} {[%emt 00:01:26]} Qe6 {[%clk 01:33:16]} {[%emt 00:00:18]} 10.
Bc4 {[%clk 01:27:48]} {[%emt 00:04:00]} Qxe2+ {[%clk 01:33:22]} {[%emt
00:00:24]} 11. Bxe2 {[%clk 01:28:00]} {[%emt 00:00:18]} d5 {[%clk 01:32:56]}
{[%emt 00:00:56]} 12. Bf4 {[%clk 01:26:53]} {[%emt 00:01:37]} c6 {[%clk
01:33:08]} {[%emt 00:00:18]} 13. c4 {[%clk 01:23:55]} {[%emt 00:03:28]} Be6
{[%clk 01:26:50]} {[%emt 00:06:47]} 14. cxd5 {[%clk 01:24:00]} {[%emt
00:00:26]} Bxd5 {[%clk 01:27:12]} {[%emt 00:00:07]} 15. O-O {[%clk 01:24:12]}
{[%emt 00:00:17]} O-O {[%clk 01:27:30]} {[%emt 00:00:12]} 16. Rfe1 {[%clk
01:20:41]} {[%emt 00:04:02]} Rfe8 {[%clk 01:27:51]} {[%emt 00:00:08]} 17. Bd3
{[%clk 01:17:22]} {[%emt 00:03:49]} h6 {[%clk 01:26:49]} {[%emt 00:01:33]} 18.
Kf1 {[%clk 01:17:12]} {[%emt 00:00:39]} Kf8 {[%clk 01:27:02]} {[%emt 00:00:18]}
19. a3 {[%clk 01:13:53]} {[%emt 00:03:50]} a5 {[%clk 01:27:05]} {[%emt
00:00:26]} 20. Rxe8+ {[%clk 01:06:23]} {[%emt 00:07:59]} Rxe8 {[%clk 01:27:19]}
{[%emt 00:00:17]} 21. Bd2 {[%clk 00:55:50]} {[%emt 00:11:04]} Kg8 {[%emt
00:02:24]} 1/2-1/2

[Event "Championnat de Belgique \"Experts\" 2018"]
[Site "Roux, Belgium"]
[Date "2018.07.30"]
[Round "4.4"]
[White "Fontaine, Quentin"]
[Black "Bomans, Arno"]
[Result "1/2-1/2"]
[WhiteTitle "FM"]
[BlackTitle "FM"]
[WhiteElo "2313"]
[BlackElo "2248"]

1. d4 {[%clk 01:30:57]} f5 {[%clk 01:30:56]} {[%emt 00:00:06]} 2. Bf4 {[%clk
01:31:14]} {[%emt 00:00:13]} Nf6 {[%clk 01:30:44]} {[%emt 00:00:40]} 3. e3
{[%clk 01:31:29]} {[%emt 00:00:15]} d6 {[%clk 01:30:23]} {[%emt 00:00:51]} 4.
Nf3 {[%clk 01:31:45]} {[%emt 00:00:13]} g6 {[%clk 01:30:09]} {[%emt 00:00:45]}
5. h4 {[%clk 01:32:09]} {[%emt 00:00:06]} h6 {[%clk 01:29:16]} {[%emt
00:01:23]} 6. Nc3 {[%clk 01:32:26]} {[%emt 00:00:14]} e6 {[%clk 01:28:54]}
{[%emt 00:00:51]} 7. Qd3 {[%clk 01:31:33]} {[%emt 00:01:23]} Nc6 {[%clk
01:26:45]} {[%emt 00:02:39]} 8. O-O-O {[%clk 01:29:22]} {[%emt 00:02:41]} Bd7
{[%clk 01:25:19]} {[%emt 00:01:57]} 9. a3 {[%clk 01:26:27]} {[%emt 00:03:25]}
Qe7 {[%clk 01:22:03]} {[%emt 00:03:45]} 10. d5 {[%clk 01:18:40]} {[%emt
00:08:17]} exd5 {[%clk 01:14:55]} {[%emt 00:07:38]} 11. Nxd5 {[%clk 01:18:59]}
{[%emt 00:00:11]} Nxd5 {[%clk 01:15:15]} {[%emt 00:00:10]} 12. Qxd5 {[%clk
01:19:24]} {[%emt 00:00:04]} Bg7 {[%clk 01:11:55]} {[%emt 00:03:50]} 13. Bc4
{[%clk 01:11:23]} {[%emt 00:08:32]} O-O-O {[%clk 01:08:25]} {[%emt 00:03:59]}
14. Qf7 {[%clk 01:09:58]} {[%emt 00:01:55]} Qxf7 {[%clk 01:00:10]} {[%emt
00:08:45]} 15. Bxf7 {[%clk 01:09:59]} {[%emt 00:00:29]} Be8 {[%clk 01:00:34]}
{[%emt 00:00:07]} 16. Bd5 {[%clk 01:06:07]} {[%emt 00:04:22]} Rf8 {[%clk
00:59:58]} {[%emt 00:01:05]} 17. Nd4 {[%clk 01:03:28]} {[%emt 00:03:09]} Nxd4
{[%clk 00:58:21]} {[%emt 00:02:07]} 18. exd4 {[%clk 01:03:28]} {[%emt
00:00:30]} Bf7 {[%clk 00:58:18]} {[%emt 00:00:33]} 19. Bf3 {[%clk 00:54:34]}
{[%emt 00:09:24]} Rde8 {[%clk 00:48:03]} {[%emt 00:10:45]} 20. g3 {[%clk
00:49:10]} {[%emt 00:05:54]} h5 {[%clk 00:42:26]} {[%emt 00:06:07]} 21. b3
{[%clk 00:42:51]} {[%emt 00:06:50]} d5 {[%clk 00:40:50]} {[%emt 00:02:06]} 22.
c3 {[%clk 00:42:21]} {[%emt 00:01:00]} Kd7 {[%clk 00:39:57]} {[%emt 00:01:23]}
23. Kd2 {[%clk 00:42:44]} {[%emt 00:00:07]} Rc8 {[%clk 00:38:00]} {[%emt
00:02:27]} 24. Rhe1 {[%clk 00:38:22]} {[%emt 00:04:52]} Rfe8 {[%clk 00:36:09]}
{[%emt 00:02:22]} 25. Kd3 {[%clk 00:36:08]} {[%emt 00:02:44]} b5 {[%clk
00:34:18]} {[%emt 00:02:21]} 26. b4 {[%clk 00:30:03]} {[%emt 00:06:35]} Rxe1
{[%clk 00:32:00]} {[%emt 00:02:48]} 27. Rxe1 {[%clk 00:30:29]} {[%emt
00:00:04]} a5 {[%clk 00:32:21]} {[%emt 00:00:09]} 28. Be5 {[%clk 00:20:25]}
{[%emt 00:10:34]} Bf8 {[%clk 00:31:48]} {[%emt 00:01:04]} 29. Kc2 {[%clk
00:20:08]} {[%emt 00:00:47]} Be6 {[%clk 00:26:43]} {[%emt 00:05:35]} 30. bxa5
{[%clk 00:15:12]} {[%emt 00:05:26]} Bxa3 {[%clk 00:23:46]} {[%emt 00:03:28]} 31.
Rb1 {[%clk 00:14:48]} {[%emt 00:00:53]} c6 {[%clk 00:21:12]} {[%emt 00:03:05]}
32. Ra1 {[%clk 00:14:20]} {[%emt 00:00:58]} Bd6 {[%clk 00:20:57]} {[%emt
00:00:45]} 33. Bxd6 {[%clk 00:11:01]} {[%emt 00:03:49]} Kxd6 {[%clk 00:21:25]}
{[%emt 00:00:02]} 34. Kb3 {[%clk 00:07:35]} {[%emt 00:03:55]} Ra8 {[%clk
00:18:20]} {[%emt 00:03:36]} 35. Kb4 {[%clk 00:07:25]} {[%emt 00:00:40]} Bc8
{[%clk 00:18:35]} {[%emt 00:00:15]} 36. Re1 {[%clk 00:06:21]} {[%emt 00:01:33]}
Ba6 {[%clk 00:18:38]} {[%emt 00:00:28]} 37. Re3 {[%clk 00:05:27]} {[%emt
00:01:23]} Rf8 {[%clk 00:14:04]} {[%emt 00:05:04]} 38. Bd1 {[%clk 00:05:03]}
{[%emt 00:00:53]} Bc8 {[%clk 00:14:19]} {[%emt 00:00:15]} 39. Bc2 {[%clk
00:04:38]} {[%emt 00:00:55]} Ba6 {[%clk 00:14:21]} {[%emt 00:00:28]} 40. Bd3
{[%clk 00:03:56]} {[%emt 00:01:11]} Bc8 {[%clk 00:13:33]} {[%emt 00:01:18]} 41.
Re1 {[%clk 00:03:48]} {[%emt 00:00:37]} Ba6 {[%clk 00:13:26]} {[%emt 00:00:38]}
42. f3 {[%clk 00:02:17]} {[%emt 00:02:01]} Bc8 {[%clk 00:13:45]} {[%emt
00:00:11]} 43. Re2 {[%clk 00:29:45]} {[%emt 00:03:02]} Ba6 {[%clk 00:41:49]}
{[%emt 00:02:26]} 44. g4 {[%clk 00:23:51]} {[%emt 00:06:24]} fxg4 {[%clk
00:41:13]} {[%emt 00:01:06]} 45. fxg4 {[%clk 00:24:16]} {[%emt 00:00:04]} Rf4
{[%clk 00:41:33]} {[%emt 00:00:10]} 46. Bxg6 {[%clk 00:22:45]} {[%emt
00:02:00]} c5+ {[%clk 00:36:00]} {[%emt 00:06:04]} 47. Kb3 {[%clk 00:23:08]}
{[%emt 00:00:07]} b4 {[%clk 00:36:02]} {[%emt 00:00:29]} 48. dxc5+ {[%clk
00:15:25]} {[%emt 00:08:13]} Kxc5 {[%clk 00:16:06]} {[%emt 00:20:26]} 49. Re3
{[%clk 00:14:50]} {[%emt 00:01:04]} Bc4+ {[%clk 00:14:33]} {[%emt 00:02:03]} 50.
Kb2 {[%clk 00:14:51]} {[%emt 00:00:29]} Rxg4 {[%clk 00:12:13]} {[%emt
00:02:50]} 51. Bxh5 {[%clk 00:14:30]} {[%emt 00:00:51]} Rxh4 {[%clk 00:12:26]}
{[%emt 00:00:18]} 52. cxb4+ {[%clk 00:12:46]} {[%emt 00:02:13]} Kxb4 {[%clk
00:12:53]} {[%emt 00:00:04]} 53. Bg6 {[%clk 00:12:30]} {[%emt 00:00:45]} Rh2+
{[%clk 00:13:18]} {[%emt 00:00:05]} 54. Kc1 {[%clk 00:12:50]} {[%emt 00:00:10]}
Kxa5 {[%clk 00:12:53]} {[%emt 00:00:57]} 55. Bd3 {[%clk 00:12:00]} {[%emt
00:01:19]} Kb4 {[%clk 00:09:59]} {[%emt 00:03:24]} 56. Bxc4 {[%clk 00:12:08]}
{[%emt 00:00:22]} Kxc4 {[%clk 00:10:24]} {[%emt 00:00:05]} 57. Kd1 {[%clk
00:12:27]} {[%emt 00:00:10]} Kd4 {[%clk 00:10:32]} {[%emt 00:00:23]} 58. Rg3
{[%clk 00:12:42]} {[%emt 00:00:12]} Rh4 {[%clk 00:10:28]} {[%emt 00:00:37]} 59.
Ra3 {[%clk 00:12:52]} {[%emt 00:00:20]} Rh1+ {[%clk 00:10:45]} {[%emt
00:00:13]} 60. Kd2 {[%clk 00:13:16]} {[%emt 00:00:06]} Rh2+ {[%clk 00:10:27]}
{[%emt 00:00:48]} 61. Kd1 {[%clk 00:13:41]} {[%emt 00:00:05]} Ke4 {[%clk
00:10:47]} {[%emt 00:00:11]} 62. Ke1 {[%clk 00:14:01]} {[%emt 00:00:10]} Rb2
{[%clk 00:11:06]} {[%emt 00:00:12]} 63. Kd1 {[%clk 00:14:05]} {[%emt 00:00:25]}
Rb4 {[%clk 00:09:10]} {[%emt 00:02:26]} 64. Rh3 {[%clk 00:14:14]} {[%emt
00:00:20]} Rc4 {[%clk 00:09:13]} {[%emt 00:00:28]} 65. Rg3 {[%clk 00:13:57]}
{[%emt 00:00:46]} Rd4+ {[%clk 00:08:51]} {[%emt 00:00:53]} 66. Ke2 {[%clk
00:14:07]} {[%emt 00:00:20]} Kf4 {[%clk 00:09:10]} {[%emt 00:00:11]} 67. Rh3
{[%clk 00:14:27]} {[%emt 00:00:09]} Re4+ {[%clk 00:09:34]} {[%emt 00:00:07]} 68.
Kd3 {[%clk 00:14:35]} {[%emt 00:00:22]} Re1 {[%clk 00:09:31]} {[%emt 00:00:33]}
69. Kd2 {[%clk 00:14:06]} {[%emt 00:00:59]} Re4 {[%clk 00:09:46]} {[%emt
00:00:15]} 70. Kd3 {[%clk 00:13:56]} {[%emt 00:00:40]} Ke5 {[%clk 00:09:53]}
{[%emt 00:00:24]} 71. Rh5+ {[%clk 00:14:08]} {[%emt 00:00:17]} Kd6 {[%clk
00:10:19]} {[%emt 00:00:04]} 72. Rh3 {[%clk 00:14:27]} {[%emt 00:00:11]} Ra4
{[%clk 00:10:43]} {[%emt 00:00:06]} 73. Kd2 {[%clk 00:14:49]} {[%emt 00:00:07]}
Ra2+ {[%clk 00:11:01]} {[%emt 00:00:12]} 74. Kd1 {[%clk 00:15:05]} {[%emt
00:00:14]} d4 {[%clk 00:11:29]} {[%emt 00:00:03]} 75. Rh5 {[%clk 00:15:19]}
{[%emt 00:00:16]} Rf2 {[%clk 00:11:18]} {[%emt 00:00:41]} 76. Rg5 {[%clk
00:15:33]} {[%emt 00:00:15]} Ke6 {[%clk 00:11:45]} {[%emt 00:00:04]} 77. Ra5
{[%clk 00:15:41]} {[%emt 00:00:21]} Rf5 {[%clk 00:12:10]} {[%emt 00:00:05]} 78.
Rxf5 {[%clk 00:15:12]} {[%emt 00:01:00]} Kxf5 {[%clk 00:12:37]} {[%emt
00:00:03]} 79. Kd2 {[%clk 00:15:37]} {[%emt 00:00:05]} Ke4 {[%clk 00:12:59]}
{[%emt 00:00:08]} 80. Ke2 {[%clk 00:16:03]} {[%emt 00:00:04]} d3+ {[%clk
00:13:26]} {[%emt 00:00:03]} 81. Kd2 {[%clk 00:16:28]} {[%emt 00:00:05]} Kd4
{[%clk 00:13:54]} {[%emt 00:00:02]} 82. Kd1 {[%clk 00:16:49]} {[%emt 00:00:09]}
Ke3 {[%clk 00:14:17]} {[%emt 00:00:07]} 83. Ke1 {[%clk 00:17:14]} {[%emt
00:00:04]} d2+ {[%clk 00:14:42]} {[%emt 00:00:05]} 84. Kd1 {[%clk 00:17:42]}
{[%emt 00:00:02]} Kd3 {[%emt 00:00:03]} 1/2-1/2

[Event "Championnat de Belgique \"Experts\" 2018"]
[Site "Roux, Belgium"]
[Date "2018.07.30"]
[Round "4.1"]
[White "Hovhannisyan, Mher"]
[Black "Malakhatko, Vadim"]
[Result "1/2-1/2"]
[WhiteTitle "IM"]
[BlackTitle "GM"]
[WhiteElo "2456"]
[BlackElo "2499"]

1. e4 {[%clk 01:30:51]} {[%emt 00:00:08]} e6 {[%clk 01:30:50]} {[%emt
00:00:11]} 2. d4 {[%clk 01:30:57]} {[%emt 00:00:24]} d5 {[%clk 01:31:12]}
{[%emt 00:00:07]} 3. exd5 {[%clk 01:30:29]} {[%emt 00:00:59]} exd5 {[%clk
01:31:25]} {[%emt 00:00:17]} 4. Bd3 {[%clk 01:29:40]} {[%emt 00:01:19]} Nf6
{[%clk 01:31:04]} {[%emt 00:00:49]} 5. Nf3 {[%clk 01:29:40]} {[%emt 00:00:31]}
Bg4 {[%clk 01:31:21]} {[%emt 00:00:13]} 6. O-O {[%clk 01:29:29]} {[%emt
00:00:42]} Be7 {[%clk 01:31:46]} {[%emt 00:00:04]} 7. Bg5 {[%clk 01:28:48]}
{[%emt 00:01:11]} Nbd7 {[%clk 01:31:49]} {[%emt 00:00:26]} 8. Nbd2 {[%clk
01:27:55]} {[%emt 00:01:23]} Bh5 {[%clk 01:29:32]} {[%emt 00:02:46]} 9. c3
{[%clk 01:25:52]} {[%emt 00:02:35]} Bg6 {[%clk 01:29:35]} {[%emt 00:00:26]} 10.
Qc2 {[%clk 01:22:32]} {[%emt 00:03:51]} O-O {[%clk 01:25:27]} {[%emt 00:04:37]}
11. Rfe1 {[%clk 01:21:09]} {[%emt 00:01:53]} Re8 {[%clk 01:24:35]} {[%emt
00:01:22]} 12. Bxg6 {[%clk 01:13:49]} {[%emt 00:07:50]} hxg6 {[%clk 01:24:59]}
{[%emt 00:00:05]} 13. Re2 {[%clk 01:06:24]} {[%emt 00:07:56]} Bd6 {[%clk
01:25:02]} {[%emt 00:00:27]} 14. Rae1 {[%clk 01:05:48]} {[%emt 00:01:07]} Rxe2
{[%clk 01:25:22]} {[%emt 00:00:09]} 15. Rxe2 {[%clk 01:06:14]} {[%emt
00:00:04]} c6 {[%clk 01:25:35]} {[%emt 00:00:17]} 16. Bh4 {[%clk 01:04:28]}
{[%emt 00:02:16]} Qc7 {[%clk 01:25:31]} {[%emt 00:00:33]} 17. Bg3 {[%clk
01:04:06]} {[%emt 00:00:52]} Re8 {[%clk 01:25:10]} {[%emt 00:00:50]} 18. Bxd6
{[%clk 01:01:20]} {[%emt 00:03:17]} Qxd6 {[%clk 01:25:34]} {[%emt 00:00:06]} 19.
Qd3 {[%clk 01:00:36]} {[%emt 00:01:14]} Kf8 {[%clk 01:25:05]} {[%emt 00:00:58]}
20. Kf1 {[%clk 00:59:27]} {[%emt 00:01:39]} Rxe2 {[%clk 01:25:06]} {[%emt
00:00:29]} 21. Qxe2 {[%clk 00:59:38]} {[%emt 00:00:19]} Qe7 {[%clk 01:25:34]}
{[%emt 00:00:02]} 1/2-1/2

[ePGN "0.1;DGT LiveChess/2.1"]

[Event "Championnat de Belgique \"Experts\" 2018"]
[Site "Roux, Belgium"]
[Date "2018.07.31"]
[Round "5.4"]
[White "Dardha, Daniel"]
[Black "Hautot, Stéphane"]
[Result "1-0"]
[WhiteTitle "FM"]
[BlackTitle "IM"]
[WhiteElo "2330"]
[BlackElo "2338"]

1. e4 {[%clk 01:30:57]} {[%emt 00:00:03]} c5 {[%clk 01:30:22]} {[%emt
00:00:39]} 2. Nf3 {[%clk 01:31:19]} {[%emt 00:00:07]} d6 {[%clk 01:30:44]}
{[%emt 00:00:08]} 3. d4 {[%clk 01:31:43]} {[%emt 00:00:07]} cxd4 {[%clk
01:31:08]} {[%emt 00:00:06]} 4. Qxd4 {[%clk 01:32:06]} {[%emt 00:00:07]} Bd7
{[%clk 01:30:33]} {[%emt 00:01:05]} 5. c4 {[%clk 01:32:29]} {[%emt 00:00:07]}
Nc6 {[%clk 01:30:39]} {[%emt 00:00:24]} 6. Qd2 {[%clk 01:32:51]} {[%emt
00:00:07]} g6 {[%clk 01:20:32]} {[%emt 00:10:37]} 7. Nc3 {[%clk 01:24:19]}
{[%emt 00:09:02]} Bg7 {[%clk 01:18:20]} {[%emt 00:02:43]} 8. Bd3 {[%clk
01:23:56]} {[%emt 00:00:53]} Bg4 {[%clk 01:13:41]} {[%emt 00:05:09]} 9. Be2
{[%clk 01:17:30]} {[%emt 00:06:56]} Rc8 {[%clk 01:10:33]} {[%emt 00:03:38]} 10.
b3 {[%clk 01:10:35]} {[%emt 00:07:24]} Bxf3 {[%clk 00:37:48]} {[%emt 00:33:16]}
11. Bxf3 {[%clk 01:10:50]} {[%emt 00:00:14]} b5 {[%clk 00:38:07]} {[%emt
00:00:11]} 12. cxb5 {[%clk 00:58:16]} {[%emt 00:13:04]} Nd4 {[%clk 00:31:11]}
{[%emt 00:07:27]} 13. Bb2 {[%clk 00:58:12]} {[%emt 00:00:34]} Qa5 {[%clk
00:30:26]} {[%emt 00:01:15]} 14. Rc1 {[%clk 00:57:18]} {[%emt 00:01:24]} Nxf3+
{[%clk 00:24:55]} {[%emt 00:06:00]} 15. gxf3 {[%clk 00:57:44]} {[%emt
00:00:04]} Bh6 {[%clk 00:25:04]} {[%emt 00:00:22]} 16. f4 {[%clk 00:55:19]}
{[%emt 00:02:55]} Nf6 {[%clk 00:24:09]} {[%emt 00:01:25]} 17. Nd5 {[%clk
00:50:15]} {[%emt 00:05:34]} Rxc1+ {[%clk 00:21:29]} {[%emt 00:03:10]} 18. Bxc1
{[%clk 00:50:33]} {[%emt 00:00:11]} Qxd2+ {[%clk 00:21:44]} {[%emt 00:00:15]}
19. Kxd2 {[%clk 00:43:59]} {[%emt 00:07:04]} Nxe4+ {[%clk 00:14:16]} {[%emt
00:07:59]} 20. Ke3 {[%clk 00:44:17]} {[%emt 00:00:12]} Nc5 {[%clk 00:14:16]}
{[%emt 00:00:29]} 21. Kf3 {[%clk 00:38:12]} {[%emt 00:06:35]} Kd7 {[%clk
00:11:39]} {[%emt 00:03:07]} 22. b4 {[%clk 00:36:54]} {[%emt 00:01:47]} Na4
{[%clk 00:10:30]} {[%emt 00:01:39]} 23. Be3 {[%clk 00:30:22]} {[%emt 00:07:02]}
Rb8 {[%clk 00:10:40]} {[%emt 00:00:20]} 24. Rc1 {[%clk 00:25:42]} {[%emt
00:05:10]} Rb7 {[%clk 00:07:09]} {[%emt 00:04:02]} 25. Rc6 {[%clk 00:25:58]}
{[%emt 00:00:14]} Bg7 {[%clk 00:05:35]} {[%emt 00:02:04]} 26. Ra6 {[%clk
00:25:08]} {[%emt 00:01:20]} Nc3 {[%clk 00:05:17]} {[%emt 00:00:48]} 27. Nxc3
{[%clk 00:25:33]} {[%emt 00:00:05]} Bxc3 {[%clk 00:05:42]} {[%emt 00:00:05]} 28.
a4 {[%clk 00:25:49]} {[%emt 00:00:14]} Bxb4 {[%clk 00:05:55]} {[%emt 00:00:18]}
29. Bxa7 {[%clk 00:25:38]} {[%emt 00:00:40]} Kc8 {[%clk 00:05:48]} {[%emt
00:00:38]} 30. Rc6+ {[%clk 00:16:26]} {[%emt 00:09:43]} Kd7 {[%clk 00:05:48]}
{[%emt 00:00:30]} 31. Bb6 {[%clk 00:16:47]} {[%emt 00:00:08]} f5 {[%clk
00:04:20]} {[%emt 00:01:58]} 32. Ke2 {[%clk 00:15:31]} {[%emt 00:01:46]} Ke6
{[%clk 00:04:23]} {[%emt 00:00:27]} 33. Kd3 {[%clk 00:09:43]} {[%emt 00:06:17]}
Kd5 {[%clk 00:04:31]} {[%emt 00:00:22]} 34. Rc4 {[%clk 00:06:00]} {[%emt
00:04:13]} Be1 {[%clk 00:02:39]} {[%emt 00:02:22]} 35. Rc1 {[%clk 00:06:11]}
{[%emt 00:00:19]} Bb4 {[%clk 00:01:10]} {[%emt 00:01:59]} 36. Rb1 {[%clk
00:06:00]} {[%emt 00:00:41]} Bc5 {[%clk 00:00:44]} {[%emt 00:00:57]} 37. Bxc5
{[%clk 00:06:07]} {[%emt 00:00:22]} Kxc5 {[%clk 00:00:53]} {[%emt 00:00:21]} 38.
Kc3 {[%clk 00:06:28]} {[%emt 00:00:09]} d5 {[%clk 00:00:45]} {[%emt 00:00:39]}
39. Rc1 {[%clk 00:04:53]} {[%emt 00:02:05]} Rd7 {[%clk 00:00:46]} {[%emt
00:00:28]} 40. Kb3+ {[%clk 00:05:14]} {[%emt 00:00:08]} Kb6 {[%clk 00:01:10]}
{[%emt 00:00:07]} 41. Kb4 {[%clk 00:18:55]} {[%emt 00:16:49]} d4 {[%clk
00:28:49]} {[%emt 00:02:51]} 42. a5+ {[%clk 00:18:12]} {[%emt 00:01:12]} Ka7
{[%clk 00:18:16]} {[%emt 00:11:03]} 43. Rc7+ {[%clk 00:13:55]} {[%emt
00:04:47]} Rxc7 {[%clk 00:18:39]} {[%emt 00:00:07]} 44. b6+ {[%clk 00:14:22]}
{[%emt 00:00:03]} Kb7 {[%clk 00:19:04]} {[%emt 00:00:06]} 45. bxc7 {[%clk
00:14:48]} {[%emt 00:00:04]} Kxc7 {[%clk 00:19:16]} {[%emt 00:00:18]} 46. Kc4
{[%clk 00:15:05]} {[%emt 00:00:12]} Kb7 {[%clk 00:19:35]} {[%emt 00:00:12]} 47.
Kxd4 {[%clk 00:15:29]} {[%emt 00:00:06]} Ka6 {[%clk 00:20:01]} {[%emt
00:00:04]} 48. Ke5 {[%clk 00:15:54]} {[%emt 00:00:04]} Kxa5 {[%clk 00:20:28]}
{[%emt 00:00:03]} 49. Ke6 {[%clk 00:16:21]} {[%emt 00:00:03]} Kb5 {[%clk
00:20:54]} {[%emt 00:00:04]} 50. Kxe7 {[%clk 00:16:47]} {[%emt 00:00:04]} Kc5
{[%clk 00:19:55]} {[%emt 00:01:29]} 51. Kf6 {[%clk 00:17:11]} {[%emt 00:00:06]}
Kd4 {[%clk 00:20:23]} {[%emt 00:00:03]} 52. Kg7 {[%clk 00:17:36]} {[%emt
00:00:05]} Ke4 {[%clk 00:20:49]} {[%emt 00:00:04]} 53. Kxh7 {[%clk 00:17:59]}
{[%emt 00:00:06]} Kxf4 {[%clk 00:21:15]} {[%emt 00:00:05]} 54. Kxg6 {[%clk
00:18:24]} {[%emt 00:00:04]} Kg4 {[%clk 00:21:41]} {[%emt 00:00:04]} 55. f3+
{[%clk 00:18:09]} {[%emt 00:00:46]} 1-0